000 00958nam a2200289 a 4500
001 000116312
003 CHAP
005 20220329144610.0
008 191128s2018 mx |r| ||||||spa d
010 _a112773
011 _a113745
020 _a9786077153689
040 _cCHAP
082 0 4 _a338.16
_bG39
245 0 0 _aGestión de la asociatividad y la integración económica mediante la formación /
_cpor Laura Elena Garza Bueno ... [et al.].
260 _aMontecillo, Méx. :
_bColegio de Posgraduados,
_c2018.
300 _a341 p. :
_btablas, gráficas.
590 _aE5765TAJ
_b05
_c20191128
_lUCH01
_h0959
590 _aE5765TAJ
_b05
_c20191128
_lUCH01
_h1007
650 1 4 _aAgricultura
_xAspectos económicos
_zMéxico
_91312
650 1 4 _aAsociaciones de agricultores.
_9125464
650 1 4 _aProductos agrícolas
_xAspectos económicos.
_9136937
700 0 _aGarza Bueno, Laura Elena.
_947012
901 _aBK
942 _cLIBRO
942 _n0
999 _c112773
_d112773